| 000 | 00921cab a22002415a 4500 | ||
|---|---|---|---|
| 001 | L144110 | ||
| 008 | 080619e20080614xxkod f s 000 0 eng d | ||
| 035 | _a(Sirsi) u144110 | ||
| 041 | 0 | _aeng | |
| 100 | 1 | _aRobson, Gill | |
| 245 | 0 | 0 |
_aFocus _bNorth Wales and Cheshire |
| 260 | _c2008 | ||
| 490 | 0 |
_aEstates Gazette _v(823) 14 June 2008, 91-107(10) |
|
| 520 | _aReports on retail problems over Chester's Northgate retail scheme. Examines differing views on the prospects for Wilmslow office park. Looks at the Birchwood Park office development project and discusses how increasing rental values are making the Welsh Assembly reconsider their approach to regeneration. | ||
| 590 | _aKA | ||
| 651 | 4 |
_aWales _y2007- |
|
| 651 | 4 | _aCheshire | |
| 690 | _aPROPERTY-COMMERCIAL PROPERTY-COMMERCIAL PROPERTY MARKET | ||
| 700 | 1 | _aMorrison, Adrian | |
| 700 | 1 | _aQuinn, David | |
| 700 | 1 | _aAlexander, Mark | |
| 942 | _n0 | ||
| 999 |
_c80345 _d80345 |
||